Meilleures cuisines Mondiales - Mort Subite - Statistiques

Statistiques générales
  • Ce quiz a été pris 298 fois
  • Le résultat moyen est 6 sur 17
Answers on the Grid
Answers color-coded by a green-red scale on the quiz's grid according to % correct below.
Grecque
Indonésienne
Marocaine
Japonaise
Indienne
Française
Américaine
Canadienne
Algérienne
Mexicaine
Chinoise
Russe
Belge
Espagole
Italienne
Portugaise
Iranienne
Turque
Brésilienne
Cubaine
Tunisienne
Péruvienne
Serbe
Polonaise
Colombienne
Thaï
Vietnamienne
 
Statistiques - réponses
Réponse % Correct
Française
88%
Japonaise
71%
Italienne
69%
Grecque
61%
Mexicaine
47%
Thaï
46%
Chinoise
45%
Indienne
45%
Espagole
39%
Vietnamienne
28%
Turque
22%
Portugaise
21%
Américaine
13%
Indonésienne
7%
Péruvienne
6%
Polonaise
3%
Serbe
1%
Aucun quiz correspondant
Distribution des résultats
% des personnes avec chaque résultat
Percentile par nombre de réponses
Votre historique - résultats
Vous n’avez pas pris ce quiz